00920nam a2200241 a 450000100100000000500170001000800410002704000250006808200160009310000270010924500600013626000290019630000260022549000320025170000260028370000260030970000310033583000410036604900090040795201200041695201250053699900170066100002388720200930022538.0110115s1972 sp r 000 j spa d aDO-SdBNPbspacBNPHU annnnbB877e1 aBrown, Fredric,94914310aExtraños en la tierra / :bFredric Brown .. [et. al]. aMadrid :bDoncel,c1972. a198, [2] p. ;c18 cm.1 aLibro joven de bolsillov171 aTenn, William,9491441 aAsimov, Isaac,9476851 aGallumm Raymond Z.,949145 0aLibro joven de bolsillo ;v17912847 aBNGR 001052708MOaGRbGRcCTd2011-01-15iLF1l0onnnn B877ep23887-10r2020-06-25w2020-06-25y2ZPréstamo interno 001052728MOaGRbGRcCTd2011-02-24iLF1l0onnnn B877ep23887-20r2020-06-25te.2w2020-06-25y2ZPréstamo interno c23383d23383